LEADER 00998nam a2200217 i 4500 001 000000187754 003 CaOOAMICUS 005 20100323000000.0 008 100323s1958 it u000 u fre u 013 $a165855 040 $aSeMil$bita 245 10$aQu'est-ce que la vie? :$bSemaine des Intellectuels Catholiques (6 au 12 novembre 1957) /$cCentre Catholique des Intellectuels Français. 260 $aParis :$bHoray,$c1958. 300 $a256 p. ;$c20 cm. 490 0 $aSemaine des intellectuels catholiques 710 0 $aCentre Catholique des Intellectuels Français.$0(OLS)http://semarc/name/5510 830 0$aSemaine des intellectuels catholiques.$0(OLS)http://semarc/title/31072 850 $aSeMil 852 $aSeMil$W1$xVenegono$y1$m3F II 109$j138441$B138441$CSeMilBibl$Z2$F149903 $81 996 $6245$aQu'est-ce que la vie? :$bSemaine des Intellectuels Catholiques (6 au 12 novembre 1957)$9(OLS)http://semarc/title/270109 996 $6260$aParis :$bHoray$9(OLS)http://semarc/publisher/35855 LEADER 00958nam a2200241 i 4500 001 000000192827 003 CaOOAMICUS 005 20101001000000.0 008 101001s1945 it u000 u ita u 013 $a171461 040 $aSeMil$bita 100 1 $aPortaluppi, Angelo.$0(OLS)http://semarc/name/21336 245 10$aSan Francesco Di Sales /$cAngelo Portaluppi. 260 $aMilano :$bPerinetti Casoni,$cstampa 1945. 300 $a403 p. ;$c17 cm. 490 0 $aI grandi santi della Chiesa 500 $aContiene : Bibliografia. 600 04$aFrancesco : di Sales .$0(OLS)http://semarc/subject/787 830 2$aI grandi santi della Chiesa.$0(OLS)http://semarc/title/13640 850 $aSeMil 852 $aSeMil$W1$xVenegono$y1$m3J II 168$j143402$B143402$CSeMilBibl$Z2$F154858 $81 996 $6245$aSan Francesco Di Sales$9(OLS)http://semarc/title/274560 996 $6260$aMilano :$bPerinetti Casoni$9(OLS)http://semarc/publisher/31747